South Asia - Map Quiz - Statistics

General Stats
  • This quiz has been taken 1,745 times
  • The average score is 6 of 7
Answers on the Map
Answers color-coded by a green-red scale on the quiz's map according to % correct below.
 
Answer Stats
Answer % Correct
India
94%
Pakistan
86%
Maldives
83%
Sri Lanka
82%
Bangladesh
81%
Bhutan
80%
Nepal
79%
No matching quizzes found
Score Distribution
Percent of People with Each Score
Percentile by Number Answered
Your Score History
You have not taken this quiz